| 000 | 00954nam a2200265 i 4500 | ||
|---|---|---|---|
| 001 | 187000 | ||
| 003 | SpMaBN | ||
| 005 | 20240219213325.0 | ||
| 008 | 170327s1981 sp aco |||| |dspa d | ||
| 020 | _a84-320-5676-6 | ||
| 080 | _a929:32 Franco Bahamonde, Francisco | ||
| 080 | _a929(460):32(460)"1939/75"(049.3) | ||
| 245 | 0 | 0 |
_aFranco visto por sus ministros / _ccoordinación, recopilación y prólogo de Ángel Bayod. |
| 250 | _a2ª ed. | ||
| 260 |
_aBarcelona : _bPlaneta, _c1981. |
||
| 300 |
_a460 p. : _bil., fot. retr. ; _c25 cm. |
||
| 490 | 1 |
_aEspejo de España ; _v75. _aLos españoles |
|
| 500 | _aÍndice onomástico. | ||
| 600 | 1 | 4 |
_aFranco Bahamonde, Francisco, _d1892-1975 _952240 |
| 650 | 0 | 7 |
_aPolíticos- _zEspaña- _vEntrevistas. _916314 |
| 700 | 1 |
_aBayod, Ángel. _9162188 |
|
| 830 | 0 |
_aEspejo de España ; _v75. _aLos españoles _9192734 |
|
| 852 |
_aES-MaACL _jL-31320 _z- enc. cart. |
||
| 999 |
_c187000 _d187000 |
||